| 000 | 00342nam a22001457a 4500 | ||
|---|---|---|---|
| 020 | _qPB. | ||
| 040 | _cFIZZA ISHAQ | ||
| 082 |
_a005.133 _bPAU |
||
| 100 |
_aDEIFEL, PAUL. _991402 |
||
| 245 |
_aC ++ HOW TO PROGRAM / _cPAUL DEIFEL. |
||
| 250 | _a10th ED. | ||
| 260 |
_aNEW YORK ; _bPEARSON, _c2017. |
||
| 300 | _a1074 P. ; | ||
| 942 |
_2ddc _cBK |
||
| 999 |
_c589531 _d589531 |
||